<?xml version="1.0" encoding="UTF-8"?>
<marc:record xmlns:marc="http://www.loc.gov/MARC21/slim">
   <marc:leader>00000nam a2200000 a 4500</marc:leader>
   <marc:datafield ind1="1" ind2=" " tag="100">
      <marc:subfield code="a">Sontag, Susan</marc:subfield>
      <marc:subfield code="4">aut</marc:subfield>
      <marc:subfield code="e">Verfasser/-in</marc:subfield>
   </marc:datafield>
   <marc:datafield ind1=" " ind2=" " tag="653">
      <marc:subfield code="a">Essay</marc:subfield>
   </marc:datafield>
   <marc:datafield ind1="0" ind2="0" tag="245">
      <marc:subfield code="a">Illness as Metaphor and Aids and its Metaphors</marc:subfield>
   </marc:datafield>
   <marc:datafield ind1="0" ind2="0" tag="245">
      <marc:subfield code="c">Sontag, Susan</marc:subfield>
   </marc:datafield>
   <marc:datafield ind1=" " ind2="1" tag="264">
      <marc:subfield code="a">London</marc:subfield>
      <marc:subfield code="b">Penguin Books</marc:subfield>
      <marc:subfield code="c">2002</marc:subfield>
   </marc:datafield>
   <marc:datafield ind1="1" ind2=" " tag="520">
      <marc:subfield code="a">Sontag wrote Illness as Metaphor in 1978, while suffering from breast cancer herself. In her study she reveals that the metaphors and myths surrounding certain illnesses, especially cancer, add greatly to the suffering of the patients and often inhibit them from seeking proper treatment. By demystifying the fantasies surrounding cancer, Sontag shows cancer for what it is - a disease; not a curse, not a punishment, certainly not an embarrassment, and highly curable, if good treatment is found early enough. Almost a decade later, with the outbreak of a new, stigmatized disease replete with mystifications and punitive metaphors, Sontag wrote Aids and Its Metaphors, extending the argument of the earlier book to the AIDS pandemic.&#xD;
&#xD;
Erstmals werden im vorliegenden Band die inhaltlich eng aufeinander bezogenen Essays 'Krankheit als Metapher' und 'Aids und seine Metaphern' gemeinsam publiziert. Sie sind, ein jeder für sich und in ihrer Gesamtheit, ein überzeugendes Plädoyer für den Versuch, sich vom Schrecken tödlicher Krankheit zu befreien - durch Demaskierung bei der Wortwahl. Susan Son-tag hat Metaphern und Bilder von Krankheit aufgespürt, die zeigen, daß Krebs - und in früheren Zeiten die Tuberkulose - nicht nur als tödlich betrachtet, sondern mit dem Tod selbst identifiziert wurden. Die Dämonisierung von Krankheit steht in einer langen Tradition, die von der Antike über das Mittelalter bis in die Neuzeit reicht. Susan Sontag kritisiert ebenso die zeitgenössische Neigung einer vorwiegend psychologischen Erklärung von Krankheit. Auch Aids soll weder Gottesurteil noch Sünde, sondern schlicht eine in ihrer Endphase schmerzvolle und tödliche Krankheit sein.</marc:subfield>
   </marc:datafield>
   <marc:datafield ind1=" " ind2=" " tag="020">
      <marc:subfield code="a">9780141187129</marc:subfield>
      <marc:subfield code="9">9780141187129</marc:subfield>
   </marc:datafield>
   <marc:datafield ind1=" " ind2=" " tag="020">
      <marc:subfield code="a">0141187123</marc:subfield>
      <marc:subfield code="9">0141187123</marc:subfield>
   </marc:datafield>
   <marc:datafield ind1=" " ind2=" " tag="041">
      <marc:subfield code="a">eng</marc:subfield>
   </marc:datafield>
   <marc:datafield ind1=" " ind2=" " tag="338">
      <marc:subfield code="a">Band</marc:subfield>
   </marc:datafield>
   <marc:datafield ind1=" " ind2=" " tag="300">
      <marc:subfield code="a">180 Seiten</marc:subfield>
   </marc:datafield>
</marc:record>
